| 000 | nam a22 7a 4500 | ||
|---|---|---|---|
| 999 |
_c28213 _d28213 |
||
| 008 | 170222b xxu||||| |||| 00| 0 eng d | ||
| 020 | _a9781285094243 | ||
| 050 | _a HF 5718 .L44 2014 | ||
| 100 |
_aLehman, Carol _d2014 |
||
| 245 |
_aThe Bcom Solution/ _cCarol, Lehman |
||
| 250 | _a1st ed. | ||
| 260 |
_aUSA: _bMike Schenk, _c2014. |
||
| 300 |
_avii,304p. :ill. _bincludes bibliographical references and index. _c28cm |
||
| 650 | _aBussiness communication | ||
| 700 | _aDuffrene | ||
| 942 |
_2lcc _cBOOKS _hHF 5718 .L44 2014 |
||